[Event "HUN-chT2 Maroczy 1819"]
[Site "Hungary"]
[Date "2019.03.10"]
[Round "9.11"]
[White "Metaxasz, Vaszilisz"]
[Black "Miszler, Levente"]
[Result "0-1"]
[WhiteElo "1993"]
[BlackElo "2021"]
[PlyCount "52"]
[EventDate "2018.09.23"]
[EventType "team-tourn"]
[EventRounds "11"]
[EventCountry "HUN"]
[SourceTitle "EXT 2020"]
[Source "ChessBase"]
[SourceDate "2019.10.17"]
[SourceVersion "1"]
[SourceVersionDate "2019.10.17"]
[SourceQuality "1"]
[WhiteTeam "Taban Spartacus"]
[BlackTeam "Toth Laszlo"]
[WhiteTeamCountry "HUN"]
[BlackTeamCountry "HUN"]

1. c4 Nf6 2. Nc3 g6 3. e4 d6 4. d4 Bg7 5. Nge2 0-0 6. Ng3 Nbd7 7. Be2 e5 8. d5 Ne8 9. h4 f5 10. exf5 gxf5 11. Nh5 f4 12. g4 Qe7 13. f3 Ndf6 14. Nxg7 Nxg7 15. Qc2 e4 16. g5 exf3 17. gxf6 Rxf6 18. Ne4 fxe2 19. Nxf6+ Qxf6 20. Qc3 Qg6 21. Qd4 Bg4 22. Bd2 Rf8 23. Bc3 Nf5 24. Qf2 Ne3 25. Rc1 Qd3 26. Bd2 Nf1 0-1

[Event "Heviz op 12th"]
[Site "Heviz"]
[Date "2016.04.10"]
[Round "5"]
[White "Metaxasz, Vaszilisz"]
[Black "Marosi, Levente"]
[Result "0-1"]
[WhiteElo "2029"]
[BlackElo "2326"]
[PlyCount "70"]
[EventDate "2016.04.06"]
[EventType "swiss"]
[EventRounds "9"]
[EventCountry "HUN"]
[SourceTitle "CBM 171 Extra"]
[Source "ChessBase"]
[SourceDate "2016.04.26"]
[SourceVersion "1"]
[SourceVersionDate "2016.04.26"]
[SourceQuality "1"]

1. d4 Nf6 2. c4 g6 3. Nc3 Bg7 4. e4 d6 5. Nf3 0-0 6. Be2 e5 7. 0-0 Nc6 8. d5 Ne7 9. b4 Nh5 10. Re1 Nf4 11. Bf1 a5 12. Ba3 f5 13. bxa5 Rxa5 14. Bb4 Ra8 15. c5 fxe4 16. cxd6 cxd6 17. Nxe4 Bg4 18. Bxd6 Nh3+ 19. gxh3 Bxf3 20. Bxe7 Qxe7 21. d6 Qh4 22. Qd5+ Kh8 23. Bg2 Bxe4 24. Rxe4 Qxf2+ 25. Kh1 Qb2 26. Ree1 Rfd8 27. Rab1 Qxa2 28. Qxb7 Ra7 29. Qc7 Rxc7 30. dxc7 Rc8 31. Rb8 Qg8 32. Rxc8 Qxc8 33. Rc1 Bh6 34. Rc2 e4 35. h4 Kg7 0-1

[Event "Budapest-chT1 Lilienthal 1516"]
[Site "Budapest"]
[Date "2015.09.27"]
[Round "2"]
[White "Metaxasz, Vaszilisz"]
[Black "Varga, Zoltan"]
[Result "1/2-1/2"]
[WhiteElo "2054"]
[BlackElo "2461"]
[PlyCount "32"]
[EventDate "2015.09.20"]
[EventType "team-tourn"]
[EventRounds "9"]
[EventCountry "HUN"]
[SourceTitle "EXT 2021"]
[Source "ChessBase"]
[SourceDate "2020.10.23"]
[SourceVersion "1"]
[SourceVersionDate "2020.10.23"]
[SourceQuality "1"]
[WhiteTeam "Taban Spartacus II"]
[BlackTeam "REAC SISE"]
[WhiteTeamCountry "HUN"]
[BlackTeamCountry "HUN"]

1. d4 f5 2. g3 Nf6 3. Bg2 g6 4. Nc3 Bg7 5. e4 fxe4 6. Nxe4 Nxe4 7. Bxe4 d5 8. Bg2 Nc6 9. c3 0-0 10. Qb3 e6 11. Nf3 Rb8 12. 0-0 b5 13. Bf4 b4 14. Rfe1 Rb6 15. Ne5 g5 16. Nxc6 Rxc6 1/2-1/2

[Event "HUN-chT2 Maroczy 1415"]
[Site "Hungary"]
[Date "2015.01.25"]
[Round "5"]
[White "Metaxasz, Vaszilisz"]
[Black "Piroska, Istvan"]
[Result "1/2-1/2"]
[WhiteElo "2047"]
[BlackElo "2163"]
[PlyCount "65"]
[EventDate "2014.10.12"]
[EventType "team-tourn"]
[EventRounds "9"]
[EventCountry "HUN"]
[SourceTitle "EXT 2016"]
[Source "ChessBase"]
[SourceDate "2015.10.08"]
[SourceVersion "1"]
[SourceVersionDate "2015.10.08"]
[SourceQuality "1"]
[WhiteTeam "Magyar Sakkvilag"]
[BlackTeam "Penzugyor II"]
[WhiteTeamCountry "HUN"]
[BlackTeamCountry "HUN"]

1. c4 e5 2. g3 Nc6 3. Bg2 Nf6 4. Nc3 Bc5 5. a3 a6 6. e3 d6 7. Nge2 0-0 8. 0-0 Ba7 9. d4 exd4 10. exd4 h6 11. h3 Ne7 12. b4 d5 13. c5 c6 14. Be3 Ng6 15. Qd2 Re8 16. Rfe1 Bf5 17. Nf4 Qd7 18. g4 Be4 19. f3 Nxf4 20. Bxf4 Bg6 21. Rxe8+ Rxe8 22. Re1 Qd8 23. Rxe8+ Nxe8 24. Ne2 Bb8 25. Qe3 Bxf4 26. Nxf4 Bc2 27. Bf1 Nc7 28. Qe5 Nb5 29. Bxb5 axb5 30. Nh5 Qf8 31. Kf2 Bg6 32. Nf4 Qa8 33. Nxg6 1/2-1/2

[Event "Budapest op 4th"]
[Site "Budapest"]
[Date "2014.08.19"]
[Round "4"]
[White "Ruck, Robert1111"]
[Black "Metaxasz, Vaszilisz"]
[Result "1/2-1/2"]
[WhiteElo "2027"]
[BlackElo "2062"]
[PlyCount "38"]
[EventDate "2014.08.16"]
[EventType "swiss"]
[EventRounds "9"]
[EventCountry "HUN"]
[SourceTitle "CBM 161 Extra"]
[Source "ChessBase"]
[SourceDate "2014.08.29"]
[SourceVersion "1"]
[SourceVersionDate "2014.08.29"]
[SourceQuality "1"]

1. e4 d6 2. d4 Nf6 3. Nc3 e5 4. dxe5 dxe5 5. Qxd8+ Kxd8 6. Bg5 Be6 7. f4 exf4 8. e5 h6 9. Bxf6+ gxf6 10. exf6 Bb4 11. 0-0-0+ Nd7 12. Nge2 Kc8 13. Nxf4 Bxc3 14. Nxe6 Bxf6 15. Nd4 c6 16. Bc4 Ne5 17. Bb3 Ng4 18. Rhe1 Bg5+ 19. Kb1 Nf2 1/2-1/2

[Event "Budapest op 4th"]
[Site "Budapest"]
[Date "2014.08.18"]
[Round "3"]
[White "Metaxasz, Vaszilisz"]
[Black "Bodi, Tibor"]
[Result "1/2-1/2"]
[WhiteElo "2062"]
[BlackElo "2165"]
[PlyCount "95"]
[EventDate "2014.08.16"]
[EventType "swiss"]
[EventRounds "9"]
[EventCountry "HUN"]
[SourceTitle "CBM 161 Extra"]
[Source "ChessBase"]
[SourceDate "2014.08.29"]
[SourceVersion "1"]
[SourceVersionDate "2014.08.29"]
[SourceQuality "1"]

1. c4 f5 2. g3 Nf6 3. Bg2 g6 4. Nc3 Bg7 5. Nf3 0-0 6. 0-0 Nc6 7. d3 e5 8. Bd2 d6 9. a3 a5 10. Rb1 h6 11. b4 axb4 12. axb4 e4 13. Ne1 exd3 14. exd3 Nd4 15. Nc2 Nxc2 16. Qxc2 Nh5 17. Ne2 Rb8 18. b5 Bd7 19. Bc3 f4 20. Bxg7 Kxg7 21. Qc3+ Kh7 22. d4 Qf6 23. Qf3 Qg5 24. h4 Qe7 25. g4 Ng7 26. h5 gxh5 27. Nxf4 hxg4 28. Qe4+ Qxe4 29. Bxe4+ Bf5 30. Bxf5+ Rxf5 31. Nd5 Ne6 32. Rbe1 Re8 33. Re4 c6 34. bxc6 bxc6 35. Nb4 c5 36. dxc5 dxc5 37. Nd5 Nc7 38. Rxe8 Nxe8 39. Re1 Nd6 40. Re7+ Rf7 41. Rxf7+ Nxf7 42. Nf6+ Kg6 43. Nxg4 Nd6 44. Ne5+ Kf5 45. Nd3 Nb7 46. f3 Ke6 47. Kg2 Kd6 48. Kh3 1/2-1/2

[Event "Budapest-chT1 Lilienthal 1314"]
[Site "Budapest"]
[Date "2014.03.09"]
[Round "9"]
[White "Metaxasz, Vaszilisz"]
[Black "Eperjesi, Laszlo"]
[Result "1/2-1/2"]
[WhiteElo "2095"]
[BlackElo "2161"]
[PlyCount "40"]
[EventDate "2013.09.29"]
[EventType "team-tourn"]
[EventRounds "11"]
[EventCountry "HUN"]
[SourceTitle "EXT 2021"]
[Source "ChessBase"]
[SourceDate "2020.10.23"]
[SourceVersion "1"]
[SourceVersionDate "2020.10.23"]
[SourceQuality "1"]
[WhiteTeam "Taban Spartacus II"]
[BlackTeam "Budapest Vasas II"]
[WhiteTeamCountry "HUN"]
[BlackTeamCountry "HUN"]

1. c4 Nf6 2. g3 e6 3. Bg2 d5 4. d4 Bb4+ 5. Bd2 Be7 6. Nf3 0-0 7. 0-0 c6 8. b3 b6 9. Qc2 Ba6 10. Bf4 Nh5 11. Bc1 Nf6 12. Nbd2 Nbd7 13. e4 Rc8 14. Bb2 c5 15. exd5 exd5 16. Rfd1 cxd4 17. Nxd4 Qc7 18. Rac1 dxc4 19. Nxc4 Bxc4 20. Nc6 Bc5 1/2-1/2